000 00637nam a2200181 i 4500
001 158292
003 ES-MaACL
005 20230906211105.0
008 041026s1896 fr a |||| | fre d
040 _aCAM
_bspa
_cCAM
100 1 _aLys, Georges de Bonnerive.
_9129174
245 1 2 _aL'Ainé /
_cpar Georges de Lys ; illustrations de Slom.
260 _a[S.l. :
_bs.n.,
_cs.a.]
300 _a8 p. :
_bil. ;
_c30 cm.
596 _aSupplément du Monde Illustré, nº 2059 (12 septiembre 1896)
700 1 _aSlom, A.
_9106792
852 _aES-MaACL
_jT-779-F-6
_z-- Enc. hol.
_q-- Falto de la cub. original
_z-- Enc. en un vol. facticio
999 _c158292
_d158292